000 01351nam a2200421 a 4500
003 AR-BaBNM
005 20251128203042.0
008 082120s2002 ||||||||||||||000 | spa||
020 _a84-7046-204-0
040 _cAR-BaBNM
100 1 _aValett, Robert E.
245 0 0 _aTratamiento de los problemas de aprendizaje
_bmanual de programas y métodos psicopedagógicos
250 _a12ª ed.
260 _aMadrid
_bCincel-Kapelusz
_c1990
300 _a339 p.
_bil., gráfs., cuadros, tablas
490 0 _aBiblioteca de psicología y educación. Aprendizaje y reeducación
_vv. 7
500 _aContiene referencias bibliográficas
500 _aContiene apéndices
650 4 _aPSICOLOGIA DE LA EDUCACION
650 4 _aPROCESO DE APRENDIZAJE
650 4 _aDESARROLLO COGNOSCITIVO
650 4 _aDESARROLLO DE DESTREZAS
650 4 _aDESARROLLO DEL NIÑO
650 4 _aDESARROLLO MOTOR
650 4 _aSOCIALIZACION
650 4 _aDESTREZAS PSICOMOTRICES
650 4 _aDESTREZAS BASICAS
650 4 _aPROGRAMAS DE ENSEÑANZA
650 4 _aACTIVIDADES DE APRENDIZAJE
650 4 _aMATERIAL DIDACTICO
650 4 _aTRASTORNOS DEL APRENDIZAJE
650 4 _aEVALUACION DEL PROGRAMA
650 4 _aPSICOLOGIA DE LA EDUCACION
650 4 _aGUIAS DE ESTUDIOS
653 _aORIENTACION EDUCATIVA
942 _cBK
998 _cGrace
999 _c1675
_d1675